|
|
|
|
| LEADER |
00000naa0a2200000 4500 |
| 001 |
594686 |
| 005 |
20250212164947.0 |
| 035 |
|
|
|a (RuTPU)RU\TPU\tpu\11462
|
| 090 |
|
|
|a 594686
|
| 100 |
|
|
|a 20030916d1970 k y0rusy50 ca
|
| 101 |
0 |
|
|a rus
|
| 102 |
|
|
|a RU
|
| 200 |
1 |
|
|a О сложном нагружении в теории пластических деформаций
|f Г. А. Дощинский
|
| 463 |
|
|
|t Материалы научной конференции, посвященной 100-летию со дня рождения В. И. Ленина Томского инженерно-строительного института. Секция сопротивления материалов и строительной механики.
|v С. 21-22
|d 1970
|
| 610 |
1 |
|
|a сложное нагружение
|
| 610 |
1 |
|
|a пластические деформации
|
| 610 |
1 |
|
|a труды учёных ТПУ
|
| 700 |
|
1 |
|a Дощинский
|b Г. А.
|
| 801 |
|
1 |
|a RU
|b 63413507
|c 20030916
|g PSBO
|
| 801 |
|
2 |
|a RU
|b 63413507
|c 20100315
|g PSBO
|
| 942 |
|
|
|c BK
|